Strihanie DT 621.96

Bibliographic Details
Main Author: Polák, Karol, 1932-2019 (Author)
Format: Book
Language:Undetermined
PhysicalDescription:325 s.
Published: Bratislava SVTL 1967

MARC

LEADER 00000nam a2200000 a 4500
001 vtls001416959
003 SK-MaSNL
005 20260301072209.0
008 240315s1967 xx 0 und
035 |a SNK000371736 
040 |a SNK  |b slo  |c SNK  |e AACR2 
100 1 |a Polák, Karol,  |d 1932-2019  |4 aut  |9 201715 
245 1 |a Strihanie DT 621.96 
260 |a Bratislava  |b SVTL  |c 1967 
300 |a 325 s. 
958 |a OND 
999 |c 640302  |d 642232 
952 |t P60, <04>, [BOOK], {604}  |a SNK  |b SNK  |y VYP  |7 0  |p 17A0306984  |o snkSD 31312 D1  |0 0  |1 0  |4 0  |d 2001-07-16  |l 0  |r 2005-01-02 00:00:00  |w 2026-02-23 
952 |a SNK  |b SNK  |y PREZ  |7 0  |p 17A0823098  |o snkSD 31312   |0 0  |1 0  |4 0  |d 2013-08-12  |l 0  |r 2026-02-23 17:50:16  |w 2026-02-23